00662nam a2200217Ia 4500003000400000005001700004008004100021020001800062040001800080041000800098082002100106100002300127245009100150250001200241260004400253300002500297650002000322650004300342650003700385700002200422OSt20260128153147.0210716s2009 xx 000 0 und d a9788177588118 cAIMIT LIBRARY aeng a332.64 26bFISD aFischer, Donald E. aSecurity analysis and portfolio management /cBy Donald E Fischer and Ronald J Jordan. a6th ed. aNew Delhi :bPearson Education ,c2009. a703p. ;bPBc24.6 cm aRisk and return aCompany analysis: forecasting earnings aBond analysis: unsystematic risk aJordan, Ronald J.